000 00485nam a2200169Ia 4500
008 230718s9999 xx 000 0 und d
020 _a978007532971
041 _aeng
082 _a158.1
_bHER
100 _aHertz N.
_9195482
245 _aEyes Wide Open
_bHow To Make Smart Decisions In A Confusing World
260 _c2013
_bWilliam Collins
300 _a344
365 _cRs.
_b399.00
700 _aHertz N.
_9195482
906 _dO:0366822-Jan-2014B:477019-Dec-2013
_cGENRL
_b87.78
999 _c334881
_d334881